000 00384nam a2200169Ia 4500
008 220531s9999 xx 000 0 und d
041 _aeng
082 _bLAL
100 _aLall, Ramji
_938544
245 _aBacons Essays
260 _bRama
_c1995
300 _a440
542 _d27-01-1998
650 _aEnglish
_938545
906 _d1997-1998
_f5918
999 _c23332
_d23332